| 000 | 00759nam a2200265Ia 4500 | ||
|---|---|---|---|
| 005 | 20260121171147.0 | ||
| 008 | 008 260114s9999 xx 000 0 eng d | ||
| 020 | _a9783030196424 | ||
| 037 | _aEBOOK | ||
| 040 | _aCRL | ||
| 040 | _beng | ||
| 040 | _cCRL | ||
| 041 | _2eng | ||
| 041 | _aeng | ||
| 084 | _qCRL | ||
| 100 |
_aAlfredo Vellido, Karina Gibert, Cecilio Angulo, José David Martín Guerrero _91072785 |
||
| 245 | 0 | _aAdvances in Self-Organizing Maps, Learning Vector Quantization, Clustering and Data Visualization | |
| 260 | _bSpringer | ||
| 260 | _bSpringer | ||
| 260 | _c2020 | ||
| 856 | _uhttps://link.springer.com/openurl?genre=book&isbn=978-3-030-19642-4 | ||
| 942 | _cEBOOK | ||
| 999 |
_c1638515 _d1638515 |
||